WW2 death's - Statistics

General Stats
  • This quiz has been taken 240 times
  • The average score is 21 of 26
Answer Stats
Casualties Countries % Correct
2,700,000 japan
99%
26,600,000 soviet union
98%
7,728,000 Germany
97%
418,500 U.S.A
97%
15,000,000 China
94%
567,600 France
94%
449,800 UK
94%
5,700,000 Poland
92%
456,000 Italy
90%
86,100 Belgium
84%
301,000 Netherlands
84%
45,300 Canada
82%
40,500 Australia
80%
9,500 Norway
79%
833,000 Romania
79%
97,000 Finland
76%
580,000 Hungary
76%
1,027,000 Yugoslavia
76%
560,000 Greece
75%
25,000 Bulgaria
72%
3,200 Denmark
72%
2,087,000 India
72%
11,900 New Zealand
69%
345,000 Czechoslovakia
55%
11,900 South Africa
54%
4,500 Spain
39%
No matching quizzes found
Score Distribution
Percent of People with Each Score
Percentile by Number Answered
Your Score History
You have not taken this quiz